Chine, puissance africaine : Géopolitique des relations sino-africaines (notice n° 1566588)
[ vue normale ]
| 000 -LEADER | |
|---|---|
| fixed length control field | 01424cam a2200133 4500500 |
| 005 - DATE AND TIME OF LATEST TRANSACTION | |
| control field | 20251214001930.0 |
| 041 ## - LANGUAGE CODE | |
| Language code of text/sound track or separate title | fre |
| 042 ## - AUTHENTICATION CODE | |
| Authentication code | dc |
| 100 10 - MAIN ENTRY--PERSONAL NAME | |
| Personal name | Aurégan, Xavier |
| Relator term | author |
| 245 00 - TITLE STATEMENT | |
| Title | Chine, puissance africaine : Géopolitique des relations sino-africaines |
| 260 ## - PUBLICATION, DISTRIBUTION, ETC. | |
| Name of publisher, distributor, etc. | Armand Colin,<br/> |
| Date of publication, distribution, etc. | 2024.<br/> |
| 520 ## - SUMMARY, ETC. | |
| Summary, etc. | C’est dans un contexte géopolitique post-Guerre froide que la Chine émerge à l’échelle internationale. Pourtant ce sont dès les années 1950, au lendemain de la proclamation de la République populaire de Chine de Mao, que les présences chinoises débutent sur le continent africain. Initialement limitées aux acteurs politiques, économiques et militaires chinois, elles vont progressivement se diversifier pour intégrer, depuis une dizaine d’années, des migrants ou des entreprises privées.Cet ouvrage a pour objectif d’analyser comment les relations sino-africaines ont évolué, en faisant de la Chine, une puissance africaine. Par le biais d’études de cas territorialisées qui touchent plusieurs domaines d’intervention (agriculture, infrastructures, santé, etc.), une multitude d’acteurs et plusieurs temporalités, cet ouvrage tend à décomposer ces relations sino-africaines, miroir des relations internationales de ces huit dernières décennies. |
| 856 41 - ELECTRONIC LOCATION AND ACCESS | |
| Uniform Resource Identifier | <a href="https://shs.cairn.info/chine-puissance-africaine--9782200635879?lang=fr&redirect-ssocas=7080">https://shs.cairn.info/chine-puissance-africaine--9782200635879?lang=fr&redirect-ssocas=7080</a> |
Pas d'exemplaire disponible.




Réseaux sociaux